'L' Movies by Picture II Quiz Stats

 Plays Quiz Updated Dec 15, 2016

Challenge
Share
Tweet
Score 0/24 Timer 06:00
11 Plays Today
Grid Location Movie % Correct
2BLilo & Stitch
92.9%
2AThe LEGO Movie
87.4%
5ALife of Pi
82.8%
1CLara Croft: Tomb Raider
68.4%
5DLost in Translation
68.1%
4CLittle Shop of Horrors
63.2%
3ELittle Nicky
61%
3DThe Last Airbender
60.9%
1AThe Last King of Scotland
58.8%
5FLes Misérables
56.9%
3BThe Longest Yard
56.8%
5ELabyrinth
52.8%
Grid Location Movie % Correct
4FLucy
51%
2ELemony Snicket's: A Series of Unfortunate Events
49.7%
1BLa Bamba
48.7%
5BLook Who's Talking
47.9%
5CLove Actually
45.9%
3AThe Last Emperor
45.6%
2FLooper
36.4%
1FLive Free or Die Hard
36.4%
2DThe Ladykillers
32.8%
3CThe Lovely Bones
32.1%
3FLolita
22.2%
4DThe League of Extraordinary Gentlemen
20.8%

You're not logged in!

Compare scores with friends on all Sporcle quizzes.
OR
Log In

You Might Also Like...

Show Comments

Extras

Top Quizzes Today


Score Distribution

Your Account Isn't Verified!

In order to create a playlist on Sporcle, you need to verify the email address you used during registration. Go to your Sporcle Settings to finish the process.

Report this User

Report this user for behavior that violates our Community Guidelines.

Details: